Statistics for Company Scramble!

Click here to take the quiz!

General Stats

  • This quiz has been taken 23 times
  • The average score is 11 of 20

Answer Stats

Answer% Correct
Rolex
73%
Apple
68%
Infiniti
64%
Kellogg's
64%
Popeyes
64%
Target
64%
Verizon
64%
Amazon
55%
Chase
55%
Microsoft
55%
Youtube
55%
Excel
50%
Hyundai
50%
Motorola
50%
Logitech
45%
McDonalds
45%
Soundcloud
45%
Wegmans
45%
Marriott
36%
Tesla
36%

Score Distribution

Percentile by Number Answered

Percent of People with Each Score

Your Score History

You have not taken this quiz